| 000 | 00575nam a2200181Ia 4500 | ||
|---|---|---|---|
| 005 | 20250508154012.0 | ||
| 008 | 008 250505s9999 xx 000 0 eng d | ||
| 037 | _aTextual | ||
| 040 |
_aFEDL _beng _cFEDL |
||
| 041 |
_aeng _2eng |
||
| 084 |
_a379.11, BEN _qFEDL |
||
| 100 |
_aBenson Charles S _9347292 |
||
| 245 | 0 | _aPerspectives on the economics of education: Readings in school finance and business management | |
| 260 |
_aBoston, USA _bHoughton Mifflin Company _c1963 |
||
| 300 | _ax,477p | ||
| 942 |
_cTEXL _h379.11, BEN |
||
| 999 |
_c1346954 _d1346954 |
||